Optimalizácia prevádzky prečerpávacej vodnej elektrárne s týždenným regulačným cyklom

Salvato in:
Dettagli Bibliografici
Autore principale: Rumann, Ján, 1980- (Autore)
Natura: Manoscritto Libro
Lingua:slovacco
Pubblicazione: Bratislava : STU v Bratislave, 2007
Edizione:1. vyd.
Tags: Aggiungi Tag
Nessun Tag, puoi essere il primo ad aggiungerne!!

MARC

LEADER 00000ntm a22000003a 4500
001 stu152669
005 20210616113142.0
008 071128s2007----xo------------------slo-d
040 |a STU  |b slo 
041 0 |a slo 
044 |a xo 
100 1 |a Rumann, Ján,  |d 1980-  |4 aut  |u V170  |9 100  |U SvF Stavebná fakulta  |U SvF Stavebná fakulta  |U SvF Stavebná fakulta  |T SvF Katedra hydrotechniky  |X 38286  |U V170  |Y 17  |7 A000038286 
245 1 |a Optimalizácia prevádzky prečerpávacej vodnej elektrárne s týždenným regulačným cyklom 
250 |a 1. vyd. 
260 |a Bratislava :  |b STU v Bratislave,  |c 2007 
300 |a 102 s. 
996 |b 284V033609  |c V*2660/DP-876  |l VVS  |s P  |a 0  |w stu152669_0001